¡Avancemos! Spanish 1 Period 2-Vocabulario Unidad 2, Lección 1 - Statistics

General Stats
  • This quiz has been taken 78 times
  • The average score is 21 of 44
Answer Stats
Hint Answer % Correct
la hora hour/time
81%
¿Qué hora es? What time is it?
81%
el minuto minute
75%
el arte art
69%
fácil easy
69%
el inglés English
69%
la historia history
69%
en in
69%
el español Spanish
69%
menos to/before
69%
siempre always
63%
todos los dias every day
63%
tarde late
63%
las matemáticas math/maths
63%
mucho a lot
56%
difícil difficult
56%
temprano early
56%
el examen (pl. los exámenes) exam/test
56%
¿Cuántos(as)...? How many...?
56%
nunca never
56%
usar la computadora use the computer
56%
casi almost
50%
de la noche at night
50%
de la tarde in the afternoon
50%
de la mañana... in the morning
50%
las ciencias science
50%
tomar apuntes take notes
44%
contestar to answer
44%
llegar to arrive
44%
esneñar to teach
44%
¿A qué hora es...? At what time is...?
38%
el horario schedule
38%
tener que to have to
38%
necesitar to need
38%
y media half past
25%
y cuatro quarter past
25%
de vez en cuando every now and then/once in a while
19%
y (diez) (ten) past
13%
A la(s)... At...o'clock
6%
Es la.../Son las... It is...o'clock.
6%
muchos(as) lots of, many
6%
muchas veces often, many times
6%
hay... there is, there are...
6%
sacar una buena/mala nota to get a good,bad grade
6%
No matching quizzes found
Score Distribution
Percent of People with Each Score
Percentile by Number Answered
Your Score History
You have not taken this quiz